Sbírka fyzikálních vzorců a pouček

Saved in:
Bibliographic Details
Main Author: Košťál, Karel (Author)
Format: Book
Language:Czech
Published: Praha : SNTL, 1962
Edition:2. vyd.
Subjects:
Tags: Add Tag
No Tags, Be the first to tag this record!

MARC

LEADER 00000nam a22000003a 4500
001 stu87972
005 20150617225631.0
008 040615s1962----cs------------------cze-d
040 |a STU  |b slo 
041 0 |a cze 
044 |a cs 
080 |a 53  |7 stu_us_auth*stu7966 
100 1 |a Košťál, Karel  |4 aut 
245 1 |a Sbírka fyzikálních vzorců a pouček 
250 |a 2. vyd. 
260 |a Praha :  |b SNTL,  |c 1962 
300 |a 503 s 
650 7 |a fyzika  |2 stusub 
996 |b 284J021765  |c J*27700  |l JJK16  |s P  |a 0  |w stu87972_0001